[Event "AUTO-OPEN-277"]
[Site "http://www.queenalice.com/game.php?id=71340"]
[Date "2006.5.24"]
[Round "1"]
[White "MasterAlec"]
[Black "chess_wizard"]
[Result "0-1"]
[WhiteElo "1089"]
[BlackElo "1833"]

1. e4 c5 2. d3 Nc6 3. Bd2 g6 4. a4 Bg7 5. Be2 d6 6. Bg5 Nf6 7. e5 Nxe5 8. Bf4
Nc6 9. Bg5 O-O 10. Bf4 Bf5 11. Bd2 e5 12. Bc3 d5 13. Bxe5 Nxe5 14. d4 cxd4 15.
a5 Nc4 16. Nf3 Nxb2 17. Qc1 Nc4 18. Nxd4 Qd7 19. Nc3 Ng4 20. h3 Bxd4 21. hxg4
Bxc3+ 0-1

[Event "AUTO-OPEN-277"]
[Site "http://www.queenalice.com/game.php?id=71353"]
[Date "2006.5.24"]
[Round "1"]
[White "aesnihc"]
[Black "MasterAlec"]
[Result "1-0"]
[WhiteElo "1338"]
[BlackElo "1201"]

1. e4 e5 2. Nf3 Nc6 3. Bc4 Bc5 4. O-O Bxf2+ 5. Rxf2 Nb4 6. Nxe5 Nh6 7. Nxf7 Nxf7
8. Bxf7+ Ke7 9. a3 Nc6 10. d4 Rf8 11. Bg5+ Kd6 12. e5+ Nxe5 13. dxe5+ Kc5 14.
b4+ Kb5 15. Qd3+ Ka4 16. Nc3# 1-0

[Event "AUTO-OPEN-277"]
[Site "http://www.queenalice.com/game.php?id=71354"]
[Date "2006.5.24"]
[Round "1"]
[White "MasterAlec"]
[Black "aesnihc"]
[Result "0-1"]
[WhiteElo "1104"]
[BlackElo "1639"]

1. d4 Nf6 2. Bg5 e6 3. e4 Be7 4. e5 Nd5 5. Bxe7 Qxe7 6. c3 d6 7. exd6 cxd6 8.
Na3 O-O 9. Nb5 a6 10. Nc7 Qxc7 11. Bc4 Qxc4 12. Rc1 Nf4 13. Nf3 Nd3+ 14. Ke2
Nxb2+ 15. Ke3 Nxd1+ 16. Rcxd1 Qxa2 17. Ra1 Qc4 18. Nd2 Qxc3+ 19. Ke2 Nc6 20. Nf3
Nxd4+ 21. Nxd4 Qxd4 22. Rhd1 Qe5+ 23. Kf1 Qxh2 24. g3 d5 0-1

[Event "AUTO-OPEN-285"]
[Site "http://www.queenalice.com/game.php?id=74163"]
[Date "2006.6.3"]
[Round "1"]
[White "aknightout"]
[Black "MasterAlec"]
[Result "1-0"]
[WhiteElo "1931"]
[BlackElo "1104"]

1. Nf3 Nf6 2. b4 Nc6 3. a3 e5 4. d3 d5 5. Nbd2 Bg4 6. h3 Bf5 7. Nh4 Bg4 8. hxg4
Nxg4 9. Nhf3 Nd4 10. Bb2 Nxf3+ 11. exf3 Nh6 12. Bxe5 Be7 13. Bxg7 Rg8 14. Bxh6
Bg5 15. Qe2+ Kd7 16. Bxg5 Rxg5 17. f4 Rg8 18. O-O-O Qf6 19. Qe5 Qa6 20. Qxd5+
Kc8 21. Nc4 1-0

[Event "AUTO-OPEN-285"]
[Site "http://www.queenalice.com/game.php?id=74164"]
[Date "2006.6.3"]
[Round "1"]
[White "MasterAlec"]
[Black "aknightout"]
[Result "0-1"]
[WhiteElo "1139"]
[BlackElo "1949"]

1. e4 d6 2. d4 Nf6 3. Nc3 Nbd7 4. Nf3 e5 5. dxe5 dxe5 6. Bc4 Be7 7. O-O O-O 8.
Bb5 c6 9. Bc4 b5 10. Be2 Nc5 11. Ng5 h6 12. Nf3 Ncxe4 13. Kh1 Nxc3 14. bxc3 Qc7
15. Bb2 Rd8 16. Qe1 Ng4 17. c4 e4 18. Nd2 Qxh2# 0-1

[Event "AUTO-OPEN-285"]
[Site "http://www.queenalice.com/game.php?id=74191"]
[Date "2006.6.3"]
[Round "1"]
[White "MasterAlec"]
[Black "bragchez"]
[Result "0-1"]
[WhiteElo "1104"]
[BlackElo "1618"]

1. e4 d5 2. d3 d4 3. Bf4 Nc6 4. Be2 e5 5. Bg5 Be7 6. Bd2 Nf6 7. Bg5 O-O 8. Nf3
Nh5 9. Nxe5 Nxe5 10. O-O Bxg5 11. Bxh5 g6 12. Bf3 c5 13. c4 Qf6 14. Na3 a6 15.
Rb1 Bf4 16. g3 Bg5 0-1

[Event "AUTO-OPEN-285"]
[Site "http://www.queenalice.com/game.php?id=74192"]
[Date "2006.6.3"]
[Round "1"]
[White "bragchez"]
[Black "MasterAlec"]
[Result "1-0"]
[WhiteElo "1616"]
[BlackElo "1104"]

1. Nf3 Nf6 2. b3 Nc6 3. d3 d5 4. Bb2 e5 5. Nxe5 Nb4 6. Nd2 Nxc2+ 7. Qxc2 Bb4 8.
O-O-O O-O 9. Ndf3 Bd7 10. Nd4 Nh5 11. Kb1 Bg4 12. Nxg4 Qd7 13. h3 b6 14. Ne5 Qe8
15. Nec6 Bc5 16. Re1 1-0

[Event "AUTO-OPEN-285"]
[Site "http://www.queenalice.com/game.php?id=74193"]
[Date "2006.6.3"]
[Round "1"]
[White "MasterAlec"]
[Black "Viper_SB"]
[Result "0-1"]
[WhiteElo "1148"]
[BlackElo "1534"]

1. d4 d5 2. Bf4 c6 3. Bxb8 Rxb8 4. Nf3 e6 5. Ne5 Nh6 6. Ng4 Nxg4 7. f3 Ne3 8.
Qc1 Qh4+ 9. g3 Qxd4 10. Bh3 b5 11. Na3 Bxa3 12. Rb1 Bd6 13. c3 Qe5 14. f4 Qe4
15. Rg1 c5 16. a3 d4 17. Bg2 Nxg2+ 18. Kf2 d3 19. e3 Nxe3 20. Re1 Bxf4 21. Rg1
Ng4+ 22. Kf1 Qe2# 0-1

[Event "AUTO-OPEN-285"]
[Site "http://www.queenalice.com/game.php?id=74194"]
[Date "2006.6.3"]
[Round "1"]
[White "Viper_SB"]
[Black "MasterAlec"]
[Result "1-0"]
[WhiteElo "1485"]
[BlackElo "1139"]

1. e4 e5 2. d4 exd4 3. Qxd4 Nc6 4. Qd2 Bb4 5. c3 Be7 6. Bc4 Nf6 7. Nf3 Ng4 8.
Ng5 O-O 9. Qf4 Qe8 10. Qxg4 Nb4 11. Qf5 Bxg5 12. Kd1 Bxc1 13. Kxc1 Nd3+ 14. Bxd3
d6 15. Qh5 Bg4 16. Qxg4 g6 17. f4 h5 18. Qf3 c5 19. g4 h4 20. g5 h3 21. Qxh3 Kg7
22. Qh6+ Kg8 23. h4 Rd8 24. h5 c4 25. hxg6 fxg6 26. Qh7# 1-0

[Event "AUTO-OPEN-288"]
[Site "http://www.queenalice.com/game.php?id=74782"]
[Date "2006.6.6"]
[Round "1"]
[White "lobo"]
[Black "MasterAlec"]
[Result "1-0"]
[WhiteElo "1587"]
[BlackElo "1104"]

1. c4 e5 2. b3 Nc6 3. Bb2 d6 4. Nc3 Nd4 5. e3 Nf5 6. Nf3 e4 7. Nxe4 Ngh6 8. Bd3
Ng4 9. Nfg5 Bd7 10. Qxg4 Ng3 11. Qxg3 Be7 12. Nxf7 Kxf7 13. Qxg7+ Ke6 14. Bc2
Bc6 15. Qg4+ 1-0

[Event "AUTO-OPEN-288"]
[Site "http://www.queenalice.com/game.php?id=74783"]
[Date "2006.6.6"]
[Round "1"]
[White "MasterAlec"]
[Black "lobo"]
[Result "0-1"]
[WhiteElo "1104"]
[BlackElo "1589"]

1. f4 b6 2. Nf3 Bb7 3. Ne5 Bd5 4. e3 d6 5. Ng4 h5 6. Nf2 Nc6 7. Be2 Bxg2 8. Bxh5
Bxh1 9. d3 Bd5 10. Nc3 g6 11. Bg4 Rxh2 12. Nxd5 e6 13. Nc3 Qh4 14. Qe2 Nf6 0-1

[Event "AUTO-INT-101"]
[Site "http://www.queenalice.com/game.php?id=75182"]
[Date "2006.6.8"]
[Round "1"]
[White "Birkoff"]
[Black "MasterAlec"]
[Result "1-0"]
[WhiteElo "1217"]
[BlackElo "1133"]

1. e4 e5 2. Nf3 Nc6 3. d4 exd4 4. Nxd4 Nxd4 5. Qxd4 Bb4+ 6. Qxb4 Ne7 7. e5 O-O
8. e6 dxe6 9. Bg5 f6 10. Bc1 a5 11. Qd2 Qe8 12. Be2 Nf5 13. O-O Qg6 14. Bd3 1-0

[Event "AUTO-INT-101"]
[Site "http://www.queenalice.com/game.php?id=75183"]
[Date "2006.6.8"]
[Round "1"]
[White "MasterAlec"]
[Black "Birkoff"]
[Result "0-1"]
[WhiteElo "1104"]
[BlackElo "1230"]

1. d4 d5 2. e3 Nc6 3. c3 h5 4. Bb5 Bd7 5. e4 dxe4 6. Ne2 Na5 7. O-O Bxb5 8. Bf4
g6 9. Na3 Bxe2 10. Qxe2 Nf6 11. Be5 Qd5 12. c4 Qd8 13. Nb5 Rc8 14. b4 Nc6 0-1